000
00335nam a2200157Ia 4500
100
_a
Module H21
650
_a
Electrical Engineering
942
_c
BK
654
_a
Press Toolmaking
245
_a
Press Toolmaking
260
_b
E.I.T.B
_a
England
_c
1981
082
_a
621.9
_b
ITB
300
_a
143
546
_a
ENGLISH
999
_c
28521
_d
28521